O metodě přijatelného rizika

Bibliographic Details
Main Author: Resl, Michal (Author)
Format: Article
Language:Slovak
PhysicalDescription:Tb. 5. Res. rus., angl., lit. 4 zázn. v češ., angl.
Subjects:

MARC

LEADER 00000nab a2200000 a 4500
001 vtls000285627
003 SK-MaSNL
005 20260304073500.0
008 250422c1987 xo 0 slo
015 |a SNBRB19rr/mm-uuuuu 
035 |a CL0295745 
035 |a urn:nbn:sk:snk-abanjb 
035 |a (urnnbn)urn:nbn:sk:snk:ar-a0aok9 
035 |a (uuid)5a70bb78-1c63-49dd-adba-3267fb54f9c1 
040 |a SNKBUCL  |b slo  |c SNKBUCL  |e AACR2 
041 0 |a slo 
044 |a xo  |c SK 
080 |a 614.8:62-7  |2 1981 
080 |a 62-7  |2 1981 
080 |a 331.823  |2 1981 
100 1 |a Resl, Michal  |4 aut  |9 1337428 
245 1 0 |a O metodě přijatelného rizika  |c Michal Resl 
300 |b Tb. 5. Res. rus., angl., lit. 4 zázn. v češ., angl. 
650 0 7 |a bezpečnosť práce  |2 snkbucl  |9 1296 
650 0 7 |a obsluha strojná  |2 snkbucl  |9 1245013 
655 7 |a články z novín a časopisov  |2 snkbucl  |9 267496 
773 0 |t Bezpečná práca  |g Roč. 18, č. 2 (1987), s. 66-68 
850 |a Slovenská národná knižnica 
852 |a Slovenská národná knižnica 
954 |a odborná, vedecká literatúra pôvodná (slovenská)  |2 lita 
958 |a article14 
958 |a RK 
958 |a MI 
958 |a OND 
958 |a EUIPO 
992 |a RBX 
999 |c 2771699  |d 2773629